01003nam a2200241 a 4500001001000000003000500010005001700015008004100032010001100073011001100084040000900095100004100104245019800145260004100343500006000384502007700444650004800521650002200569650002200591650004900613650002900662856007000691000112286CHAP20220329144255.0160121s2015 mx a fsm |||||||spa d a108747 a109719 cCHAP1 aHernández Juárez, María Isabel10aAnálisis de la problemática productiva para la elaboración de escenarios de desarrollo en Patria Nueva, Santiago de Anaya, Hidalgo/h[En línea]cpor María Isabel Hernández Juárez. aChapingo, Méx. :bEl autor,c2015. aPara ver el contenido del material haga clic en la liga aTesis (Ing. Agr. Esp. en Fitotecnia) -- UACH. Departamento de Fitotecnia14aAgriculturaxAspectos económicosxHidalgo14aBienestar social.14aDesarrollo rural.14aGanaderíaxAspectos económicosxHidalgo.14aProyectos de desarrollo. aFinding aiduhttp://10.13.5.2/tesis/sist112286.pdfzTeclea aquí